Cadernos de ciências sociais : n. 2 dezembro 1992 /

Uloženo v:
Podrobná bibliografie
Médium: Kniha
Jazyk:portugalština
Vydáno: São Paulo, Brasil Universidade de São Paulo, Departamento de Ciências Sociais da Faculdade de Engenharia Industrial, 1992
Edice:(Cadernos de Ciências Sociais ; 2)
Témata:
Tagy: Přidat tag
Žádné tagy, Buďte první, kdo vytvoří štítek k tomuto záznamu!

MARC

LEADER 00000nam^a2200000^a^4500
001 000041158
005 20250521000000.0
009 20260310085646.63
037 |a Acervo ITESO - Biblioteca 
041 |a POR 
082 |a 215.  |b CAD 
245 1 0 |a Cadernos de ciências sociais :  |b n. 2 dezembro 1992 / 
264 1 |a São Paulo, Brasil  |b Universidade de São Paulo, Departamento de Ciências Sociais da Faculdade de Engenharia Industrial,  |c 1992 
300 |a 48 p. 
336 |a texto  |b txt  |2 rdacontenido 
337 |a sin mediación  |b n  |2 rdamedio 
338 |a volumen  |b nc  |2 rdasoporte 
440 1 |a (Cadernos de Ciências Sociais ;  |v 2) 
649 |a XX 
650 |a Religión y Ciencia 
650 |a Encíclicas 
650 |a Desarrollo Tecnológico 
650 |a Tecnología y Sociedad 
650 |a Iglesia Católica en Brasil -  |x Congresos 
910 |a Fondo General 
920 |a Impresos - Libros 
930 |a Colección General 
905 |a 101 
901 |a 0411580100  |b IT1  |c ACC  |i 041158  |u 20250521 
902 |a https://opac.biblio.iteso.mx/vufind/Record/000041158